Finnish players in Premier League (2000-) - Statistics

General Stats
  • This quiz has been taken 99 times
  • The average score is 7 of 17
Answer Stats
Ranking Player Positions Nationality Matches Goals (assists) Periods Clubs % Correct
7 Teemu Pukki FW 73 22 (6) 2019-2020, 2021-2022
92%
2 Sami Hyypiä DF 280 20 (6) 2000-2009
91%
11 Jari Litmanen MF, FW 26 5 (1) 2000-2002
75%
1 Jussi Jääskeläinen GK 436 0 (3) 2001-2015
65%
16 Marcus Forss MF, FW 7 0 (1) 2021-2022
51%
5 Mikael Forssell FW 116 33 (8) 2001-2002, 2003-2005, 2007-2008
47%
6 Teemu Tainio MF 88 3 (4) 2005-2010
35%
4 Antti Niemi GK 143 0 (0) 2002-2008
34%
8 Shefki Kuqi FW 50 7 (5) 2005-2007, 2010-2011
30%
3 Jonatan Johansson FW 148 27 (9) 2000-2006
29%
10 Aki Riihilahti MF 31 4 (4) 2004-2005
23%
12 Joonas Kolkka MF 23 3 (2) 2004-2005
23%
14 Petri Pasanen DF 12 0 (0) 2003-2004
23%
9 Peter Enckelman GK 44 0 (0) 2001-2004
20%
15 Hannu Tihinen DF 8 0 (0) 2000-2001
16%
13 Simo Valakari MF 20 1 (1) 2000-2002
15%
17 Toni Kallio DF 4 0 (0) 2008-2010
14%
No matching quizzes found
Score Distribution
Percent of People with Each Score
Percentile by Number Answered
Your Score History
You have not taken this quiz